000 00370 a2200133 4500
000 nam a22 7a 4500
005 20260320102429.0
020 _a9780471692140
100 _aDouglas B. Murphy, Michael W. Davidson
_91132606
245 _aFundamentals of Light Microscopy and Electronic Imaging
250 _a2nd
260 _bWiley-Blackwell
_c2012
942 _cTEXL
999 _c1715803
_d1715803